00638cam a2200217 i 45000010005000000030008000050050017000130080039000300200029000690350018000980400032001160410008001480820025001561000026001812450046002072600064002533000033003175000022003505040030003726500018004027134BD-RjUL20211208234353.0130114s1978 enka b 001 0 eng a0521214092 :a0521291429 a(BD-RjUL)7176 aDLCcDLCdDLCdBD-RjULbeng aeng00a512.22219bROC 19781 aRose, John S.,d1938-12aA course on group theory /cJohn S. Rose. aCambridge ;aNew York :bCambridge University Press,c1978. aix, 310 p. :bill. ;c24 cm. aIncludes indexes. aBibliography: p. 295-300. 0aGroup theory.